01880nam a2200397 i 4500003000900000005001700009007000300026008004100029040003000070082002400100111013500124245023300259264005100492300005700543336002700600337003300627338002800660500004800688500005600736590002700792650003700819650003400856650003900890650004100929650004200970700004501012700005401057700004201111700003901153700004601192710005801238910001401296942001401310952014101324999001701465DO-SdBNP20240305131556.0ta240305s1997 dr ao 001 0dspa d aDO-SdBNPbspacBNPHUerda a709.7293bB588n2222 aBienal Nacional de Artes Visualesn(3ªddel 12 de octubre al 12 de enero de 1997 :cSanto Domingo, República Dominicana)95493710aBienal de pintura del Caribe y Centroamérica :bdel 12 de octubre al 12 de enero de 1997 /cproyecto editorial Betty Jansen, Marianne de Tolentino ; traducción Carlos García, Pedro Canó ; fotografías Marino Hernández 1aSanto Domingo :bMuseo de Arte Moderno,c1997. a154 páginasbilustraciones, fotografías c21 cm. 2rdacontentatextobtxt 2rdamediaasin mediaciónbn 2rdacarrieravolumenbnc aIncluye índice de artistas por países.  aIncluye lista de ganadores y de artistas invitados. aInventariado, 2024/ YL 4aArte dominicanoySIGLO XX923012 4aArte modernoySIGLO XX954938 4aPintura dominicanaxPremios923013 4aEscultura dominicanaxPremios954939 4aCerámica dominicanaxPremios9549401 aJansen, Bettyeproyecto editorial9595201 aTolentino, Marianne deeproyecto editorial9152221 aGarcía, Carlosetraducción9674251 aCanó, Pedroetraducción9553471 aHernández, Marinoefotografías9849802 aMuseo de Arte Moderno (República Dominicana)954941 aYLockward 2ddccLBS1 00102ddc51708PDaBNPHUbBNPHUcCTd2018-07-02eDonado por CERTVl0oBNPHU PD 709.7293 B588np2024-1269r2024-03-05w2024-03-05yLBS1 c56037d56037